| 000 | 00657nam a2200205 a 4500 | ||
|---|---|---|---|
| 005 | 20240911064323.0 | ||
| 008 | 991125s1976 mx 000 0 spa u | ||
| 035 | _aUPN01000024569 | ||
| 049 | _aCG | ||
| 050 | 4 |
_aB67 _bF5.9 |
|
| 245 | 0 | 3 |
_aLa filosofía y las ciencias sociales / _cJ. L. Balcárcel ... [et al.]. |
| 260 |
_aMéxico : _bGrijalbo, _c1976. |
||
| 300 |
_a332 p. : _bil. |
||
| 440 | 0 |
_aTeoría y praxis ; _v24 |
|
| 500 | _a"Primer Coloquio Nacional de Filosofía, Morelia, Mich. México 4-9 de agosto de 1975" | ||
| 650 | 4 |
_aCiencia _xFilosofía _94696 |
|
| 650 | 4 |
_aFilosofía _95327 |
|
| 700 | 1 |
_aBalcárcel, J. L., _ecoaut. |
|
| 905 | _aLibro | ||
| 999 |
_c24569 _d24569 |
||